LEADER 00941nam2-22003131i-450 001 990000169280403321 005 20191120140106.0 035 $a000016928 035 $aFED01000016928 035 $a(Aleph)000016928FED01 035 $a000016928 100 $a20011111d1845----km-y0itay50------ba 101 0 $aita 105 $ay-------001yy 200 1 $a5. : Epoca terza : da Giulio Romano al Baroccio. 376 p., 72 tav. : ill. 210 $aPisa$cPresso N. Capurro$d1845- 215 $av.$d22 cm 461 0$1001000012601$12001$aStoria della pittura italiana 610 0 $aPittura$aStoria$aSec. 16. 676 $a759.03 700 1$aRosini,$bGiovanni$08223 801 0$aIT$bUNINA$gRICA$2UNIMARC 901 $aBK 912 $a990000169280403321 952 $a13 AR 1 B 26$b8676$fFINBC 959 $aFINBC 996 $a5. : Epoca terza : da Giulio Romano al Baroccio. 376 p., 72 tav. : ill$91566995 997 $aUNINA DB $aING01 LEADER 00985nam a2200277 i 4500 001 991004383836307536 005 20250611115335.0 008 250611s1946 it a er 001 f ita d 040 $aBibl. Dip.le Aggr. Scienze Giuridiche - Sez. Studi Giuridici$bita$cSocioculturale Scs 041 1 $aita$heng 082 04$a823.912$223. 100 1 $aBurnett, Frances Hodgson$0193253 240 10$aLittle Lord Fauntleroy$9517454 245 10$aIl piccolo Lord ;$bSara Crewe /$cFrancesca H. Burnett ; traduzione dall'inglese di Maria Ettlinger Fano ; [illustrazioni di Carlo Nicco] 250 $a2. ed. 260 $aTorino :$bG. B. Paravia e C.,$c1946 300 $a203 p., [8] carte di tav. :$bill. ;$c21 cm 490 1 $aI bei libri 700 1 $aEttlinger Fano, Maria 700 1 $aNicco, Carlo 730 2 $aA little princess 830 2$aI bei libri 912 $a991004383836307536 996 $aLittle Lord Fauntleroy$9517454 996 $aLittle princess$94386059 997 $aUNISALENTO